Kontrolle der Arbeit von Industriellen Katalytischen Reforming-Anlage A-35-11/450 K Komsomolsker Raffinerie; Проблемы геологии и освоения недр; Т. 2

Bibliographische Detailangaben
Parent link:Проблемы геологии и освоения недр: труды XIX Международного симпозиума имени академика М. А. Усова студентов и молодых ученых, посвященного 70-летнему юбилею Победы советского народа над фашистской Германией, Томск, 6-10 апреля 2015 г./ Национальный исследовательский Томский политехнический университет (ТПУ), Институт природных ресурсов (ИПР) ; Общество инженеров-нефтяников, международная некоммерческая организация, Студенческий чаптер ; под ред. А. Ю. Дмитриева.— , 2015
Т. 2.— [С. 804-806]
1. Verfasser: Kirillova M. D.
Körperschaften: Национальный исследовательский Томский политехнический университет (ТПУ) Институт природных ресурсов (ИПР) Кафедра химической технологии топлива и химической кибернетики (ХТТ), Национальный исследовательский Томский политехнический университет (ТПУ) Институт природных ресурсов (ИПР) Кафедра иностранных языков (ИЯПР)
Weitere Verfasser: Scharova E. S. (научный руководитель), Kogut S. W. Swetlana Waleriewna
Zusammenfassung:Заглавие с экрана
Sprache:Deutsch
Veröffentlicht:
Schriftenreihe:Geology, mining and petroleum engineering (English, German)
Schlagworte:
Online-Zugang:http://earchive.tpu.ru/handle/11683/23048
http://www.lib.tpu.ru/fulltext/c/2015/C11/V2/364.pdf
Format: MixedMaterials Elektronisch Buchkapitel
KOHA link:https://koha.lib.tpu.ru/cgi-bin/koha/opac-detail.pl?biblionumber=615691

MARC

LEADER 00000naa2a2200000 4500
001 615691
005 20231101132854.0
035 |a (RuTPU)RU\TPU\conf\13890 
035 |a RU\TPU\conf\13862 
090 |a 615691 
100 |a 20151113d2015 k y0rusy50 ba 
101 0 |a ger 
102 |a RU 
105 |a y z 100zy 
135 |a drcn ---uucaa 
181 0 |a i  
182 0 |a b 
200 1 |a Kontrolle der Arbeit von Industriellen Katalytischen Reforming-Anlage A-35-11/450 K Komsomolsker Raffinerie  |f M. D. Kirillova  |g wiss. Betr. E. S. Scharova, S. W. Kogut 
203 |a Текст  |c электронный 
225 1 |a Geology, mining and petroleum engineering (English, German) 
230 |a 1 компьютерный файл (pdf; 796 Kb) 
300 |a Заглавие с экрана 
320 |a [Библиогр.: с. 806 (2 назв.)] 
337 |a Adobe Reader 
461 1 |0 (RuTPU)RU\TPU\conf\12865  |t Проблемы геологии и освоения недр  |o труды XIX Международного симпозиума имени академика М. А. Усова студентов и молодых ученых, посвященного 70-летнему юбилею Победы советского народа над фашистской Германией, Томск, 6-10 апреля 2015 г.  |o в 2 т.  |f Национальный исследовательский Томский политехнический университет (ТПУ), Институт природных ресурсов (ИПР) ; Общество инженеров-нефтяников, международная некоммерческая организация, Студенческий чаптер ; под ред. А. Ю. Дмитриева  |d 2015 
463 1 |0 (RuTPU)RU\TPU\conf\13350  |t Т. 2  |v [С. 804-806] 
610 1 |a труды учёных ТПУ 
610 1 |a электронный ресурс 
610 1 |a риформинг 
610 1 |a каталитический риформинг 
610 1 |a каталитические процессы 
610 1 |a обрабатывающая промышленность 
610 1 |a ароматизация 
700 1 |a Kirillova  |b M. D. 
702 1 |a Scharova  |b E. S.  |4 727 
702 1 |a Kogut  |b S. W.  |c Linguist  |c Oberlehrer der Polytechnischen Universität Tomsk  |f 1980-  |g Swetlana Waleriewna  |2 stltpush  |4 727 
712 0 2 |a Национальный исследовательский Томский политехнический университет (ТПУ)  |b Институт природных ресурсов (ИПР)  |b Кафедра химической технологии топлива и химической кибернетики (ХТТ)  |h 105  |2 stltpush  |3 (RuTPU)RU\TPU\col\18665 
712 0 2 |a Национальный исследовательский Томский политехнический университет (ТПУ)  |b Институт природных ресурсов (ИПР)  |b Кафедра иностранных языков (ИЯПР)  |h 6735  |2 stltpush  |3 (RuTPU)RU\TPU\col\18662 
801 2 |a RU  |b 63413507  |c 20210119  |g RCR 
856 4 |u http://earchive.tpu.ru/handle/11683/23048 
856 4 |u http://www.lib.tpu.ru/fulltext/c/2015/C11/V2/364.pdf 
942 |c BK